Media communication : an introduction to theory and process (Record no. 869)
[ view plain ]
| 000 -LEADER | |
|---|---|
| Fixed length control field | 00502nam a2200181 4500 |
| 003 - CONTROL NUMBER IDENTIFIER | |
| Control field | SEACOMMC |
| 005 - DATE AND TIME OF LATEST TRANSACTION | |
| Control field | 20250723124435.0 |
| 008 - FIXED-LENGTH DATA ELEMENTS--GENERAL INFORMATION | |
| Fixed length control field | 241213b |||||||| |||| 00| 0 eng d |
| 020 ## - INTERNATIONAL STANDARD BOOK NUMBER / ISBN | |
| International Standard Book Number | 9780230535497 |
| Price | Rs.595.00 |
| 040 ## - CATALOGING SOURCE | |
| Original cataloging agency | SEACOMMC |
| 082 ## - DEWEY DECIMAL CLASSIFICATION NUMBER | |
| Classification number | 302.231 |
| Book Number | w 339 |
| 100 ## - MAIN ENTRY--PERSONAL NAME | |
| Personal name | Watson, James |
| 245 1# - TITLE STATEMENT | |
| Title | Media communication : an introduction to theory and process |
| Statement of responsibility | James Watson |
| 250 ## - EDITION STATEMENT | |
| Edition statement | 2nd ed. |
| 260 ## - IMPRINT | |
| Place of publication | New York |
| Name of publisher | Palgrave |
| Date of publication | 2003 |
| 650 ## - SUBJECT ADDED ENTRY--TOPICAL TERM | |
| Topical term | Mass Media-Social Aspects |
| 942 ## - ADDED ENTRY ELEMENTS (KOHA) | |
| Koha item type | Books |
| Withdrawn status | Lost status | Source of classification | Damaged status | Not for loan | Home library | Current library | Date acquired | Total Checkouts | Call number | Accession number | Date last seen | Copy number | Price effective from | Koha item type |
|---|---|---|---|---|---|---|---|---|---|---|---|---|---|---|
| Dewey Decimal Classification | SEACOM MANAGEMENT COLLEGE | SEACOM MANAGEMENT COLLEGE | 06/12/2007 | 302.231 w 339 | M-1175 | 13/12/2024 | 1 | 13/12/2024 | Reference Books | |||||
| Dewey Decimal Classification | SEACOM MANAGEMENT COLLEGE | SEACOM MANAGEMENT COLLEGE | 06/12/2007 | 302.231 w 339 | M-1176 | 13/12/2024 | 2 | 13/12/2024 | Books | |||||
| Dewey Decimal Classification | SEACOM MANAGEMENT COLLEGE | SEACOM MANAGEMENT COLLEGE | 23/07/2025 | 302.231 w 339 | M-1177 | 23/07/2025 | 3 | 23/07/2025 | Books |
